00369nam a2200145Ia 4500008004100000020001500041041001200056082001600068100001800084245006300102260002500165300000800190650000700198700001800205221030s9999 xx 000 0 und d a0074622994 aEnglish a105.23bNag aI. J. Nagrath 0aPower System Engineerringcby I. J. Nagrath, D. P. Kothari bTMHaNew Delhic2000 a838 aEE aD. P. Kothari